[Event "80. Bayerische Schach-Einzelmeisterschaft"]
[Site "Immenstadt"]
[Date "2009.08.28"]
[Time "13:30"]
[Round "7"]
[Board "1"]
[White "Lentrodt, Thomas"]
[WhiteTitle "FM"]
[WhiteTeam "FC Bayern München"]
[WhiteElo "2304"]
[Black "Fedorovsky, Michael"]
[BlackTitle "IM"]
[BlackTeam "SC Tarrasch 45 München"]
[BlackElo "2446"]
[Result "1-0"]
[WhiteType "human"]
[BlackType "human"]

1. Nf3 Nf6 2. d4 e6 3. g3 b5 4. Bg2 Bb7 5. O-O c5 6. a4 b4 7. c3 d5 8. cxb4 cxb4 9. a5 Be7 10. Ne5 O-O 11. Nd2 Nfd7 12. Nd3 Ba6 13. Qa4 Bxd3 14. exd3 Qc8 15. Nf3 Qa6 16. Bd2 Nc6 17. Rfc1 Rfc8 18. Rc2 Rab8 19. Rac1 Rb5 20. Ne5 Ndxe5 21. dxe5 Bf8 22. Bf1 b3 23. d4 bxc2 24. Bxb5 Qb7 25. Rxc2 Ne7 26. Rxc8 Qxc8 27. Bc3 Nf5 28. Bd3 g6 29. Qb5 Qd8 30. Bxf5 gxf5 31. Qb7 Qg5 32. Qxa7 Qc1+ 33. Kg2 f4 34. Qa6 Qc2 35. Qf1 f3+ 36. Kg1 Qa4 37. h3 Be7 38. Qd3 Bd8 39. Qxf3 Bxa5 40. Bxa5 Qxa5 41. Qc3 Qa1+ 42. Kg2 Qb1 43. b3 Qe4+ 44. Kh2 Qe2 45. Qe3 Qb2 46. h4 Kg7 47. Kg2 Qb1 48. h5 h6 49. Qf4 Qd3 50. b4 Qe2 51. b5 Qxb5 52. Qf6+ Kg8 53. Qxh6 Qe2 54. Qg5+ Kf8 55. Qd8+ Kg7 56. Qf6+ Kf8 57. h6 Ke8 58. Qh4

[Event "80. Bayerische Schach-Einzelmeisterschaft"]
[Site "Immenstadt"]
[Date "2009.08.28"]
[Time "13:30"]
[Round "7"]
[Board "2"]
[White "Kuhn, Tobias"]
[WhiteTitle ""]
[WhiteTeam "SK 1982 Klingenberg/Main"]
[WhiteElo "2218"]
[Black "Reich, Thomas"]
[BlackTitle "IM"]
[BlackTeam "FC Bayern München"]
[BlackElo "2368"]
[Result "1-0"]
[WhiteType "human"]
[BlackType "human"]

1. e4 g6 2. d4 Bg7 3. c4 d6 4. Nc3 Nf6 5. Nf3 O-O 6. Be2 c5 7. O-O cxd4 8. Nxd4 Nc6 9. Nc2 b6 10. Be3 Bb7 11. Qd2 Re8 12. Rad1 Ne5 13. f3 Qc7 14. Nb5 Qb8 15. Nca3 Ned7 16. Rfe1 a6 17. Nc3 Bc6 18. Nc2 Bb7 19. Bd4 Qa7 20. Bf1 Rab8 21. Qf2 Ba8 22. Nd5 e6 23. Nc3 Qc7 24. b3 Bb7 25. Rd2 h6 26. Red1 Bf8 27. Qh4 g5 28. Qf2 Bc8 29. g4 Ne5 30. h4 Nh7 31. Ne1 Ng6 32. Ng2 Bd7 33. h5 Nf4 34. Nxf4 gxf4 35. Re2 Bc6 36. e5 Ng5 37. Bg2 Red8 38. Kh2 Bg7 39. exd6 Rxd6 40. Bxg7 Kxg7 41. c5 Rxd1 42. Nxd1 b5 43. Qd4+ f6 44. Qd3 Be8 45. b4 Rd8 46. Qc2 Rd4 47. Nc3 Rxb4 48. Nd5 exd5 49. Rxe8 Qf7 50. Rd8 Ne6 51. Rxd5 Rd4 52. Rxd4 Nxd4 53. Qe4 Ne6 54. c6 Kf8 55. a4 f5 56. gxf5 Nc7 57. Qxf4 Qxh5+ 58. Bh3 Qf7 59. f6 bxa4 60. Qd6+ Kg8 61. Qd8+

[Event "80. Bayerische Schach-Einzelmeisterschaft"]
[Site "Immenstadt"]
[Date "2009.08.28"]
[Time "13:30"]
[Round "7"]
[Board "3"]
[White "Meister,Peter"]
[WhiteTitle "IM"]
[WhiteTeam "FC Bayern München"]
[WhiteElo "2396"]
[Black "Salvermoser, Bernd"]
[BlackTitle "FM"]
[BlackTeam "SF Starnberger See"]
[BlackElo "2314"]
[Result "1-0"]
[WhiteType "human"]
[BlackType "human"]

1. d4 Nf6 2. c4 c5 3. d5 b5 4. cxb5 a6 5. b6 Bb7 6. Nc3 e6 7. e4 exd5 8. exd5 d6 9. a4 Qxb6 10. a5 Qc7 11. Bc4 Be7 12. Nge2 O-O 13. O-O Nbd7 14. f4 Rfe8 15. Qd3 Bf8 16. Bd2 g6 17. b3 Bg7 18. h3 h5 19. f5 Ne5 20. Qg3 Nxc4 21. bxc4 Ne4 22. Nxe4 Bxa1 23. fxg6 fxg6 24. Nf6+ Bxf6 25. Rxf6 Re7 26. Rxg6+ Rg7 27. Bh6 Rxg6 28. Qxg6+ Kh8 29. Bd2

[Event "80. Bayerische Schach-Einzelmeisterschaft"]
[Site "Immenstadt"]
[Date "2009.08.28"]
[Time "13:30"]
[Round "7"]
[Board "4"]
[White "Köpke, Christian"]
[WhiteTitle "FM"]
[WhiteTeam "SC Tarrasch 45 München"]
[WhiteElo "2374"]
[Black "Jussupow, Alexander"]
[BlackTitle ""]
[BlackTeam "SK Krumbach"]
[BlackElo "2071"]
[Result "1-0"]
[WhiteType "human"]
[BlackType "human"]

1. e4 d6 2. d4 g6 3. Nc3 Bg7 4. Be3 a6 5. Qd2 Nd7 6. h4 h5 7. Nh3 b5 8. Ng5 Nh6 9. O-O-O Bb7 10. f3 c5 11. dxc5 dxc5 12. g3 Qc7 13. Nd5 Bxd5 14. exd5 Nf5 15. Bf4 Nd6 16. Ne4 Ne5 17. Nxd6+ exd6 18. Bxe5 Bxe5 19. f4 Bf6 20. Re1+ Kf8 21. f5 c4 22. fxg6 c3 23. Qf4 cxb2+ 24. Kb1 Be5 25. Rxe5 dxe5 26. Qf6 Rg8 27. d6 Qb7 28. Bg2 e4 29. Bxe4 Qd7 30. Bxa8 Rxg6 31. Qe7+

[Event "80. Bayerische Schach-Einzelmeisterschaft"]
[Site "Immenstadt"]
[Date "2009.08.28"]
[Time "13:30"]
[Round "7"]
[Board "5"]
[White "Deglmann, Ludwig"]
[WhiteTitle "FM"]
[WhiteTeam "FC Bayern München"]
[WhiteElo "2329"]
[Black "Levushkina, Elena"]
[BlackTitle "WGM"]
[BlackTeam "SC Tarrasch 45 München"]
[BlackElo "2239"]
[Result "1-0"]
[WhiteType "human"]
[BlackType "human"]

1. Nf3 d5 2. c4 dxc4 3. g3 Nf6 4. Bg2 c6 5. Qc2 Bg4 6. Na3 Nbd7 7. Nxc4 e6 8. O-O Be7 9. Rb1 O-O 10. b4 Rc8 11. d3 Nb8 12. Nfe5 Bh5 13. a3 Nfd7 14. Be3 Nxe5 15. Nxe5 Qc7 16. f4 Nd7 17. Nf3 Nf6 18. Kh1 h6 19. Bg1 Rfd8 20. Rfc1 a5 21. bxa5 Nd7 22. Rb3 Qxa5 23. Rxb7 Bf6 24. Ra7 Qf5 25. e4 Qh7 26. Rb1 Rb8 27. Rxd7

[Event "80. Bayerische Schach-Einzelmeisterschaft"]
[Site "Immenstadt"]
[Date "2009.08.28"]
[Time "13:30"]
[Round "7"]
[Board "6"]
[White "Müller, Michael"]
[WhiteTitle ""]
[WhiteTeam "SC Bayerwald/Regen"]
[WhiteElo "2133"]
[Black "Grimberg, Boris"]
[BlackTitle "FM"]
[BlackTeam "SAbt TSV Haunstetten"]
[BlackElo "2390"]
[Result "0-1"]
[WhiteType "human"]
[BlackType "human"]

1. e4 d5 2. d3 Nf6 3. Nd2 e5 4. Ngf3 Nc6 5. c3 a5 6. Be2 g6 7. O-O Bg7 8. b3 O-O 9. a3 Nh5 10. g3 Kh8 11. Ne1 Nf6 12. Ng2 Bh3 13. Qc2 Qd7 14. Nf3 h6 15. Kh1 Ng8 16. Ng1 Be6 17. Nf3 Nge7 18. c4 dxe4 19. dxe4 f5 20. Bb2 g5 21. Rad1 Nd4 22. Bxd4 exd4 23. Ne3 c5 24. Nd5 fxe4 25. Nxe7 Qxe7 26. Qxe4 Qd6 27. Ne1 Bf5 28. Qg2 Qe6 29. Bd3 Bh3 30. Qxb7 Rab8 31. Qc7 Bxf1 32. Bxf1 Rbc8 33. Qb7 Rxf2 34. Nd3 Rf7 35. Qd5 Qxd5+ 36. cxd5 a4 37. Bh3 Rb8 38. Nxc5 axb3 39. d6 b2 40. Rb1 Rf3 41. Na6 Rb6 42. d7 Bf6 43. Nb4 Rd6 44. Rxb2 d3 45. Rb1 d2 46. Rd1 h5 47. Bg2 Rxa3 48. Nd5 Ra1

[Event "80. Bayerische Schach-Einzelmeisterschaft"]
[Site "Immenstadt"]
[Date "2009.08.28"]
[Time "13:30"]
[Round "7"]
[Board "7"]
[White "Wagner, Florian"]
[WhiteTitle "FM"]
[WhiteTeam "SC Noris Tarrasch Nürnberg"]
[WhiteElo "2323"]
[Black "Lipok, Christoph"]
[BlackTitle ""]
[BlackTeam "Spgem Kötz/Ichenhausen"]
[BlackElo "2182"]
[Result "1-0"]
[WhiteType "human"]
[BlackType "human"]

1. e4 c6 2. d4 d5 3. f3 e6 4. Nc3 Nf6 5. e5 Nfd7 6. Nce2 c5 7. c3 b5 8. f4 b4 9. Nf3 Ba6 10. cxb4 cxb4 11. g3 Qb6 12. Bh3 g6 13. O-O Nc6 14. Be3 Na5 15. b3 Be7 16. Rf2 Rc8 17. Qb1 Bb5 18. f5 gxf5 19. Nf4 Rc3 20. Qe1 Rc8 21. Rd1 Nb7 22. Bxf5 exf5 23. Nxd5 Qg6 24. Nxe7 Kxe7 25. Qxb4+ Ke8 26. Qxb5 Nd8 27. d5 Rc3 28. Bd4

[Event "80. Bayerische Schach-Einzelmeisterschaft"]
[Site "Immenstadt"]
[Date "2009.08.28"]
[Time "13:30"]
[Round "7"]
[Board "9"]
[White "de Francesco, Klaus"]
[WhiteTitle "FM"]
[WhiteTeam "SK Weilheim"]
[WhiteElo "2296"]
[Black "Kaunzinger, Albert"]
[BlackTitle ""]
[BlackTeam "SC Gröbenzell"]
[BlackElo "2181"]
[Result "1/2-1/2"]
[WhiteType "human"]
[BlackType "human"]

1. e4 d6 2. d4 Nf6 3. Nc3 Nbd7 4. Nf3 e5 5. dxe5 dxe5 6. Bc4 Be7 7. O-O O-O 8. h3 c6 9. a3 h6 10. Qe2 Qc7 11. Rd1

[Event "80. Bayerische Schach-Einzelmeisterschaft"]
[Site "Immenstadt"]
[Date "2009.08.28"]
[Time "13:30"]
[Round "7"]
[Board "10"]
[White "Gießmann, Stephan"]
[WhiteTitle ""]
[WhiteTeam "SK Kelheim 1920"]
[WhiteElo "2231"]
[Black "Lederle, Vitus"]
[BlackTitle ""]
[BlackTeam "SC Dillingen"]
[BlackElo "2168"]
[Result "1-0"]
[WhiteType "human"]
[BlackType "human"]

1. d4 Nf6 2. Nf3 e6 3. Bf4 c5 4. c3 Nc6 5. e3 d5 6. Nbd2 Be7 7. h3 O-O 8. Bd3 b6 9. O-O Bb7 10. Re1 cxd4 11. exd4 Nh5 12. Bh2 g6 13. Ne5 Nxe5 14. Bxe5 Bd6 15. Nf3 f6 16. Bxd6 Qxd6 17. Re3 Rae8 18. Qc2 Nf4 19. Rae1 Re7 20. Bf1 Rfe8 21. g3 Nh5 22. Bd3 Ng7 23. Qe2 Bc8 24. Kh2 Rd8 25. Nh4 Rde8 26. f4 f5 27. Nf3 Nh5 28. Ne5 Nf6 29. Rg1 Ne4 30. Bxe4 dxe4 31. g4 Rg7 32. g5 Bd7 33. h4 Rc8 34. h5 Be8 35. hxg6 Bxg6 36. Rh3 Rcc7 37. Rh6 Rb7 38. Kg3 b5 39. a3 a5 40. Rgh1 Qc7 41. Qh2 b4 42. axb4 axb4 43. Rxg6 Rxg6 44. Nxg6 bxc3 45. Qh6 Qc8 46. Rc1 Rb3 47. Ne7+ Kf7 48. Qf6+ Ke8 49. Nxc8

[Event "80. Bayerische Schach-Einzelmeisterschaft"]
[Site "Immenstadt"]
[Date "2009.08.28"]
[Time "13:30"]
[Round "7"]
[Board "11"]
[White "Walter, Thomas"]
[WhiteTitle ""]
[WhiteTeam "SC Erlangen 48/88"]
[WhiteElo "2121"]
[Black "Liepold, Stefan"]
[BlackTitle ""]
[BlackTeam "SC Erlangen 48/88"]
[BlackElo "2240"]
[Result "1-0"]
[WhiteType "human"]
[BlackType "human"]

1. d4 d5 2. Nf3 Nf6 3. c4 dxc4 4. Nc3 a6 5. a4 Nc6 6. e4 Bg4 7. Be3 e5 8. dxe5 Qxd1+ 9. Rxd1 Bxf3 10. gxf3 Nxe5 11. f4 Nd3+ 12. Bxd3 cxd3 13. Rxd3 Bb4 14. Ke2 Bxc3 15. Rxc3 O-O-O 16. f3 Rhe8 17. Rhc1 Rd7 18. b4 g6 19. Kf2 Nh5 20. R1c2 Re6 21. b5 axb5 22. axb5 Kd8 23. Ra3 f5 24. Ra8+ Ke7 25. e5 Kf7 26. Ra7 g5 27. fxg5 f4 28. Bd2 Rxe5 29. Rxb7 Ke6 30. Ba5 Rdd5 31. Rc6+ Kf5 32. Rbxc7 Kxg5 33. Bc3 Rf5 34. b6 Rb5 35. b7 Nf6 36. Rg7+ Kh6 37. Rf7

[Event "80. Bayerische Schach-Einzelmeisterschaft"]
[Site "Immenstadt"]
[Date "2009.08.28"]
[Time "13:30"]
[Round "7"]
[Board "12"]
[White "Kunze, Holger"]
[WhiteTitle ""]
[WhiteTeam "FC Bayern München"]
[WhiteElo "2194"]
[Black "Sternheimer, Erhard"]
[BlackTitle ""]
[BlackTeam "SC Bad Königshofen 1957"]
[BlackElo "2206"]
[Result "1/2-1/2"]
[WhiteType "human"]
[BlackType "human"]

1. Nf3 d6 2. d4 Nf6 3. c4 Bg4 4. Nc3 g6 5. Bg5 Bg7 6. e3 O-O 7. Be2 c6 8. O-O h6 9. Bh4 Qc7 10. h3 Bc8 11. Qc2 Nbd7 12. Rad1 Re8 13. Bg3 c5 14. d5 a6 15. Rfe1 Ne5 16. Nd2 g5 17. a4 g4 18. hxg4 Nfxg4 19. Bf1 f5 20. e4 Rf8 21. exf5 Bxf5 22. Nde4 Ng6 23. Bd3 Qd7 24. Rd2 Rf7 25. Be2 Kh7 26. Qd1 Raf8 27. Bd3 N4e5 28. Bf1 Bg4 29. Be2 Nf4 30. Bxg4 Nxg4 31. Ne2 Nh5 32. Bh4 Be5 33. Rf1 Ne3 34. Qb1 Kh8 35. Bf6+ Nxf6 36. fxe3 Ng4 37. Rxf7 Rxf7 38. N4g3 Nxe3 39. Qg6 Rf6 40. Qe4 Nf5 41. Nh5 Rg6 42. b3 Rg5 43. Qf3 Qe8 44. Nhf4 Qg8 45. Qh3 Kh7 46. Rd1 Nd4 47. Nxd4 Bxd4+ 48. Kh1 Qf7 49. Qd3+ Qf5 50. g3 Be5 51. Ne6 Rh5+ 52. Kg2 Qxd3 53. Rxd3 Rf5 54. a5 Bd4 55. Nxd4 cxd4 56. Rxd4 Kg6 57. Re4 Kf7 58. b4 Rg5 59. Kf3 Rg8 60. g4 Rb8 61. c5 Rc8 62. Rc4 e6 63. Rf4+ Ke7 64. Re4 dxc5 65. Rxe6+ Kd7 66. Rxh6 c4 67. Ke2 c3 68. Kd1 Rc4 69. Rb6 Rxg4 70. Kc2 Rc4 71. Rxb7+ Kd6 72. b5 Rc5 73. bxa6 Rxa5 74. a7 Ra3 75. Rb5 Rxa7 76. Kxc3 Ra4

[Event "80. Bayerische Schach-Einzelmeisterschaft"]
[Site "Immenstadt"]
[Date "2009.08.28"]
[Time "13:30"]
[Round "7"]
[Board "13"]
[White "Kues, Manuel"]
[WhiteTitle ""]
[WhiteTeam "TSV Kareth-Lappersdorf"]
[WhiteElo "1991"]
[Black "Lutz, Albert"]
[BlackTitle ""]
[BlackTeam "SK Krumbach"]
[BlackElo "2166"]
[Result "1-0"]
[WhiteType "human"]
[BlackType "human"]

1. e4 d6 2. d4 g6 3. f4 Bg7 4. Nf3 c6 5. c3 h5 6. Qb3 Nh6 7. Bd3 Qb6 8. Nbd2 Nd7 9. Nc4 Qxb3 10. axb3 d5 11. exd5 cxd5 12. Ne3 e6 13. c4 Nf6 14. O-O Nhg4 15. h3 Nxe3 16. Bxe3 Bd7 17. Ra2 a6 18. Rfa1 dxc4 19. bxc4 Bc6 20. Ng5 O-O 21. Rd1 Rfd8 22. b4 Rac8 23. Rad2 Bf8 24. Rb2 Bg7 25. Ra2 Bf8 26. Rb2 Be7 27. Rc1 Ne8 28. Ne4 Nd6 29. Nxd6 Bxd6 30. c5 Be7 31. b5 axb5 32. Bxb5 Be4 33. Ra2 Bf6 34. Ra4 Ra8 35. Rca1 Rxa4 36. Rxa4 Kf8 37. Kf2 Bh4+ 38. g3 Bf6 39. Ke2 Bg2 40. h4 Bg7 41. Kd2 Be4 42. Kc3 Ke7 43. Ra7 Kf6 44. Bd3 Kf5 45. Rxb7 Bxd3 46. Kxd3 Kg4 47. Rxf7 Bf8 48. Rf6 Kxg3 49. Rxg6+ Kxh4 50. f5 Kh3 51. Bg5 Ra8 52. fxe6 Ra3+ 53. Ke4 Rg3 54. c6 Bd6 55. Kd5 Bf4 56. e7 Re3 57. Re6

[Event "80. Bayerische Schach-Einzelmeisterschaft"]
[Site "Immenstadt"]
[Date "2009.08.28"]
[Time "13:30"]
[Round "7"]
[Board "14"]
[White "Guthmann, Peter"]
[WhiteTitle ""]
[WhiteTeam "FC Gunzenhausen 1910"]
[WhiteElo "2110"]
[Black "Urytskyy, Michael"]
[BlackTitle ""]
[BlackTeam "PTSV SK Hof 1892"]
[BlackElo "2098"]
[Result "1-0"]
[WhiteType "human"]
[BlackType "human"]

1. e4 c5 2. Nf3 d6 3. d4 cxd4 4. Nxd4 Nf6 5. Nc3 g6 6. Be3 Bg7 7. f3 O-O 8. Qd2 Nc6 9. Bc4 Bd7 10. h4 Rc8 11. Bb3 Ne5 12. O-O-O Nc4 13. Bxc4 Rxc4 14. h5 Qa5 15. hxg6 fxg6 16. Nb3 Qa6 17. e5 dxe5 18. Nc5 Qd6 19. Qe2 Rd4 20. Bxd4 exd4 21. Qc4+ e6 22. Rxd4 Nd5 23. Nxd5 Bxd4 24. Qxd4 exd5 25. Nxb7 Qf4+ 26. Qxf4 Rxf4 27. Rd1 Bc6 28. Nd8 Ba8 29. Ne6 Rh4 30. b3 Rh2 31. Rd2 Kf7 32. Nd4 Bb7 33. a4 Ba6 34. Nc6 Bf1 35. g3 Rh1 36. Rd1 Bg2 37. Rxh1 Bxh1 38. f4 Kf6 39. Kd2 Kf5 40. Ke3 Kg4 41. Kf2 Be4 42. c3 Bc2 43. Nd4 Bd3 44. b4 h5 45. Nc6 Bc2 46. a5 a6 47. b5 h4 48. b6 h3 49. Ne5+

[Event "80. Bayerische Schach-Einzelmeisterschaft"]
[Site "Immenstadt"]
[Date "2009.08.28"]
[Time "13:30"]
[Round "7"]
[Board "15"]
[White "Palmi, Herbert"]
[WhiteTitle ""]
[WhiteTeam "SC Bayerwald/Regen"]
[WhiteElo "2134"]
[Black "Dr. Hornung, Hans"]
[BlackTitle ""]
[BlackTeam "SK Klosterlechfeld"]
[BlackElo "2152"]
[Result "1-0"]
[WhiteType "human"]
[BlackType "human"]

1. Nf3 g6 2. c4 Bg7 3. Nc3 c5 4. g3 Nc6 5. Bg2 e5 6. e4 Nge7 7. d3 d6 8. a3 a5 9. Rb1 h6 10. h3 O-O 11. Bd2 f5 12. Qc1 Nd4 13. Nxd4 cxd4 14. Nb5 Kh7 15. a4 Nc6 16. f3 f4 17. g4 Bf6 18. Ke2 Bh4 19. Be1 Bxe1 20. Qxe1 Nb4 21. Na3 Bd7 22. b3 Kg7 23. Rb2 Rh8 24. Nc2 Qb6 25. Nxb4 axb4 26. Ra2 Qc5 27. Rb2 Rhc8 28. Qb1 Ra5 29. h4 b5 30. axb5 Rca8 31. Qc2 Kf7 32. h5 g5 33. Rc1 Ke7 34. Kf2 Kd8 35. Bf1 Ra3 36. Be2 Kc7 37. Qd2 Kb7 38. Bd1 Rc8 39. Rcb1 Kb6 40. Ra2 Rca8 41. Rba1 Kb7 42. Rxa3 Rxa3 43. Rxa3 bxa3 44. b4 Qa7 45. Bb3 Be6 46. Qc2 Bd7 47. Ke1 Kb8 48. Kd1 Be8 49. Kc1 Bd7 50. Kb1 Be8 51. Ka2 Bd7 52. Qd1 Be8 53. Ba4 Kc7 54. Kxa3 Kd8 55. Kb2 Bd7 56. Bb3 Kc7 57. Qb1 Be8 58. Bd1 Bd7 59. Qc2 Be8 60. Qb3 Bd7 61. Bc2 Be8 62. c5 dxc5 63. Qe6 Kd8 64. b6 Qb7 65. bxc5 Qc6 66. Qxe5 Qb5+ 67. Bb3 Qb4 68. Qc7#

[Event "80. Bayerische Schach-Einzelmeisterschaft"]
[Site "Immenstadt"]
[Date "2009.08.28"]
[Time "13:30"]
[Round "7"]
[Board "16"]
[White "Schindler, Viktor"]
[WhiteTitle ""]
[WhiteTeam "PTSV SK Hof 1892"]
[WhiteElo "2144"]
[Black "Eibl, Maximilian"]
[BlackTitle ""]
[BlackTeam "SK Kelheim 1920"]
[BlackElo "2132"]
[Result "1/2-1/2"]
[WhiteType "human"]
[BlackType "human"]

1. e4 c5 2. Nf3 d6 3. d4 cxd4 4. Nxd4 a6 5. Nc3 e6 6. h3 b5 7. g4 Bb7 8. Bg2 Qc7 9. O-O Nf6 10. Re1 Be7 11. g5 Nfd7 12. f4 Nc6 13. Be3 O-O 14. f5 Nxd4 15. Qxd4 Ne5 16. Rf1 Rfe8 17. f6 Bf8 18. Bf2 Rad8 19. Bg3 Nc4 20. a4 b4 21. Nd1 a5 22. b3 Ne5 23. c4 bxc3 24. Rc1 Ba6 25. Rf2 Qb7 26. Rxc3 Nc6 27. Qe3 Nb4 28. Rd2 d5 29. Rc7 Qa8 30. Be5 g6 31. Ra7 Qc6 32. Rc7 Qa8 33. Ra7 Qc6 34. Rc7

[Event "80. Bayerische Schach-Einzelmeisterschaft"]
[Site "Immenstadt"]
[Date "2009.08.28"]
[Time "13:30"]
[Round "7"]
[Board "18"]
[White "Dr. Hofstetter, Hans-Joachim"]
[WhiteTitle "FM"]
[WhiteTeam "SK 1933 Bad Neustadt"]
[WhiteElo "2213"]
[Black "Jahrsdörfer, Gerd"]
[BlackTitle ""]
[BlackTeam "SC Bad Königshofen 1957"]
[BlackElo "2190"]
[Result "1/2-1/2"]
[WhiteType "human"]
[BlackType "human"]

1. e4 Nc6 2. d4 d5 3. Nc3 Nf6 4. e5 Nd7 5. Nxd5 Ndb8 6. Ne3 Qxd4 7. Qxd4 Nxd4 8. Bd3 Nbc6 9. f4 g6 10. c3 Ne6 11. Nd5 Bd7 12. Be3 O-O-O 13. O-O-O Bg7 14. Nf3 Rhe8 15. Rhe1 Nf8 16. b4 a6 17. a4 Be6 18. Bc4 f6 19. b5 axb5 20. axb5 Na5 21. Ba2 b6 22. h3 Rd7 23. exf6 exf6 24. Bd4 Bf7 25. Rxe8+ Bxe8 26. Re1 Bf7 27. Ne7+ Kd8 28. Nc6+ Nxc6 29. bxc6 Re7 30. Rxe7 Kxe7 31. Bxf7 Kxf7 32. Bxb6 Ne6 33. Be3 f5 34. Kc2 Ke7 35. g4 Bh6 36. gxf5 gxf5 37. Nh4 Kf6 38. Ng2 Nd8 39. Bd4+ Ke7 40. Be5 Ne6 41. Kd3 Bg7 42. Ne3 Bxe5 43. fxe5 Nf4+ 44. Kd4 Ke6 45. c4 Ne2+ 46. Kd3 Nf4+ 47. Kd4 Ne2+ 48. Kd3 Nf4+ 49. Kd4 {Stellungswiederholung}

[Event "80. Bayerische Schach-Einzelmeisterschaft"]
[Site "Immenstadt"]
[Date "2009.08.28"]
[Time "13:30"]
[Round "7"]
[Board "19"]
[White "Basener, Winfried"]
[WhiteTitle ""]
[WhiteTeam "SC Neuhausen 1908"]
[WhiteElo "2204"]
[Black "Dietrich, Reinhard"]
[BlackTitle ""]
[BlackTeam "TSV Wacker Neutraubling"]
[BlackElo "2133"]
[Result "0-1"]
[WhiteType "human"]
[BlackType "human"]

1. e4 e6 2. d4 d5 3. Nc3 Bb4 4. e5 b6 5. a3 Bf8 6. Nce2 Ne7 7. Ng3 a5 8. h4 Qd7 9. c3 Ba6 10. N1e2 c5 11. h5 h6 12. Rh4 Nbc6 13. Rf4 b5 14. Be3 c4 15. Nc1 Nc8 16. b4 axb4 17. axb4 Nb6 18. Qf3 Na4 19. Bd2 Nd8 20. Be2 Bc8 21. Bd1 Qb7 22. Bc2 Ra7 23. Nge2 Kd7 24. Rg4 Kc7 25. Qg3 Kb6 26. Rxg7 Qe7 27. Rg8 Rxg8 28. Qxg8 f5 29. exf6 Qxf6 30. Qg3 Bd7 31. Bg6 Bc6 32. Bf4 Nf7 33. Qe3 Re7 34. Qf3 Kb7 35. Qg3 e5 36. Be3 e4 37. Bf4 Bd7 38. Ra2 Bf5 39. Bxf5 Qxf5 40. Qg8 Re8 41. g4 Qe6 42. Kf1 Ng5 43. Qxe6 Nxe6 44. Be3 Bg7 45. Rc2 Rf8 46. Kg2 Rf6 47. Kf1 Bf8 48. Ng3 Bd6 49. Nf5 Bf4 50. Ne2 Bxe3 51. fxe3 Ng7 52. Ng3 Nxf5 53. Nxf5 Kc7 54. Kg2 Kd7 55. Kg3 Ke6 56. Kh4 Kf7 57. Nxh6+ Rxh6 58. g5 Rh8 59. g6+ Kg7 60. Kg5 Rf8 61. h6+ Kg8 62. g7 Rf1 63. Rg2 Nxc3 64. Kg6 Rh1 65. Rg5 Rh2 66. Rf5 Rg2+ 67. Rg5 Rxg5+ 68. Kxg5 Kf7 69. Kf5 Na2